Datum a čas kvízu
24
Celkem bodů
Celkový počet nahraných bodů na tomto kvízu bez doplňovacích otázek.
2.
Pořadí na kvízu
Konečné umístění týmu na tomto kvízu.
Zaznamenané odpovědi
| # | Otázka | Odpověď | Body | Výsledky |
|---|---|---|---|---|
| 1. | Někdejší předseda Nejvyššího s... | 0 | ||
| 2. | Jisté velké německé město svým... | 0 | ||
| 3. | V minulých dnech bylo podepsán... | 1 | ||
| 4. | Třemi podpisy stvrdili zástupc... | 0 | ||
| 5. | Španělský finanční úřad přisto... | 1 | ||
| 21. | Nejdelší had na světě chovaný... | 1 | ||
| 22. | Přiřaďte k sobě rodová a druho... | 0 | ||
| 23. | Od želv se můžeme dostat ke Ga... | 0 | ||
| 24. | Jak se nazývá tento živočich?... | 1 | ||
| 25. | Napište jméno herce s tureckým... | 0 |